| 000 | 00365nam a2200133 i 4500 | ||
|---|---|---|---|
| 001 | bg | ||
| 245 | 1 | 0 |
_aOptymalne decyzje w procesach produkcyjnych. _nCz. 1, _pZagadnienia podstawowe / _cpod red. A. Osyczki. |
| 260 |
_aKraków, _c1981. |
||
| 700 | 1 |
_aOsyczka, A. _eRed. |
|
| 040 | _cBPK | ||
| 041 | _apol | ||
| 942 | _cKS | ||
| 008 | s pl f |000 0 pol | ||
| 999 |
_c20536 _d20536 |
||
| 856 |
_uhttp://koha.tu.koszalin.pl/cgi-bin/koha/opac-detail.pl?biblionumber=20536 _yKatalog online BPK |
||